| 000 -LEADER | |
|---|---|
| fixed length control field | 00401nam a22001697a 4500 |
| 005 - DATE AND TIME OF LATEST TRANSACTION | |
| control field | 20160701121313.0 |
| 008 - FIXED-LENGTH DATA ELEMENTS--GENERAL INFORMATION | |
| fixed length control field | 160701b xxu||||| |||| 00| 0 eng d |
| 020 ## - INTERNATIONAL STANDARD BOOK NUMBER | |
| ISBN | 978-93-5014-008-6 |
| 041 ## - LANGUAGE CODE | |
| Language code of text/sound track or separate title | eng |
| 082 ## - DEWEY DECIMAL CLASSIFICATION NUMBER | |
| Item number | 20399 |
| 100 ## - MAIN ENTRY--AUTHOR NAME | |
| Personal name | Sharna DR sanjay |
| 245 ## - TITLE STATEMENT | |
| Title | Digital Signal Processing |
| 260 ## - PUBLICATION, DISTRIBUTION, ETC. (IMPRINT) | |
| Name of publisher | Katson |
| Year of publication | 2014 |
| 300 ## - PHYSICAL DESCRIPTION | |
| Number of Pages | 432 |
| 650 ## - SUBJECT ADDED ENTRY--TOPICAL TERM | |
| Topical Term | Diploma Engineering |
| 942 ## - ADDED ENTRY ELEMENTS (KOHA) | |
| Koha item type | Books |
| Lost status | Damaged status | Home library | Current library | Shelving location | Date acquired | Cost, normal purchase price | Full call number | Accession Number | Koha item type | Collection code | Source of acquisition |
|---|---|---|---|---|---|---|---|---|---|---|---|
| JRU Library | SHELF-39-L | 01/07/2016 | 265.00 | 20399 | 20399 | Books | |||||
| JRU Library | JRU Library | SHELF-51-I | 01/07/2016 | 265.00 | 621.395 | 20400 | Books | CS/IT | |||
| JRU Library | SHELF -72 - I | 16/09/2016 | 450.00 | 20399 | 21256 | Books | Reference | PURCHASE | |||
| JRU Library | SHELF-39-L | 16/09/2016 | 450.00 | 20399 | 21257 | Books | PURCHASE | ||||
| JRU Library | SHELF-39-L | 16/09/2016 | 450.00 | 20399 | 21258 | Books | PURCHASE | ||||
| JRU Library | SHELF-39-L | 16/09/2016 | 450.00 | 20399 | 21259 | Books | PURCHASE | ||||
| JRU Library | 22/09/2016 | 450.00 | 20399 | 21298 | Books | PURCHASE |